000 01175cam a22003857 4500
001 a47271
003 DO-SdBNP
005 20240725114232.0
007 a47271
008 100414s2010 mx | |||| 000 1 spa
015 _a
017 _a
_b
020 _a9789707804289
035 _a
040 _aBPMSU
_bspa
_cBPMSU
_e
041 1 _aspa
_h
080 _a
082 4 _a920.72
_bF828d 2010
_222
100 1 _aFrank, Ana
_d1929-1945
245 1 3 _aEl diario de Ana Frank /
_cAna Frank ; Rondon House Mondarori
_h
250 _a
260 _aMéxico :
_bGrijalbo,
_c2010
300 _a127 p. ;
_c21 cm
490 0 _aBiblioteca escolar;
_acompendio de grandes clásicos
534 _pTítulo original :
_tThe diary of Anne Frank
590 _aInventariado, 2024/VM
600 1 4 _aFrank, Anne
_d1929-1945
_xAutobiografías
_t
_2
650 4 _aDiarios alemanes
650 4 _aPersecuciones a los judíos
_vRelatos personales
650 4 _aHolocausto judío
_y1939-1945
_vRelatos personales
650 4 _aGuerra Mundial II
_y1939-1945
700 1 _aHouse Mondarori, Rondon
_d1890-1984
910 _aVMateo V. Control de calidad. BPMSU
942 _2ddc
_cBK
999 _c10896
_d10896